Biggest Cities in NATO by Letter - G - Statistics

General Stats
  • This quiz has been taken 85 times
  • The average score is 10 of 20
Answer Stats
Pop. Country Hint City % Correct
1.22 mil Poland Tri-City, Westerplatte Gdańsk
92%
655 k Sweden Volvo headquarters Gothenburg
91%
1.03 mil United Kingdom Old Firm Glasgow
87%
676 k Italy Maritime republic Genoa
86%
425 k Belgium Flourished in the Middle Ages Ghent
72%
502 k Spain Alhambra Granada
68%
456 k France Largest metropolis in the Alps Grenoble
64%
420 k United States Named after a tire company Goodyear
59%
1.68 mil Turkey Antep Castle Gaziantep
55%
339 k United States 1960's sit-ins Greensboro
50%
387 k United States Upstate South Carolina Greenville
43%
606 k United States Gerald Ford Presidential Museum Grand Rapids
38%
263 k Spain Largest city of Asturias Gijón
37%
253 k Hungary Between Budapest and Vienna Győr
36%
236 k United States Mississippi Sound Gulfport
34%
236 k Romania Large river port, steel works Galați
24%
254 k United Kingdom Chatham Naval Memorial Gillingham
13%
265 k United States Poultry Capital of the World Gainesville
11%
278 k Germany Justus Liebig University Gießen
8%
768 k Turkey Libyssa, Death of Hannibal Gebze
5%
No matching quizzes found
Score Distribution
Percent of People with Each Score
Percentile by Number Answered
Your Score History
You have not taken this quiz